• 首页
  • 本馆介绍
  • 公告通知
  • 最新文献
  • 馆藏检索
  • 电子资源
  • 读者导购
  • 参考咨询
  • 我的图书馆
  • 登录
  • 详细信息显示
  • 放入我的书架
  • 预约/预借图书
  • 作者相关作品
  • 分类相关作品
  • 丛书相关作品
  • 出版社相关作品

书目信息

  • 表格格式
  • 工作单格式
  • 卡片格式
题名:
中国退耕还林工程政策
    
 
作者: 孔凡斌 著
分册:  
出版信息: 北京   中国环境科学出版社  2006
页数: 153页
开本: 26cm
丛书名:
单 册:
中图分类: F326.20
科图分类:
主题词: 造林--林业政策--中国 , 造林 , 林业政策
电子资源:
ISBN: 7-80209-397-X
000 00874nam0 2200253 450
001 003282944
005 20070805175712.54
010    @a7-80209-397-X@dCNY28.00
100    @a20060124d2006 em y0chiy0110 ea
101 0  @achi
102    @aCN@b110000
105    @ay z 000yy
200 1  @a中国退耕还林工程政策@9zhong guo tui geng huan lin gong cheng zheng ce@f孔凡斌著
210    @a北京@c中国环境科学出版社@d2006
215    @a153页@d26cm
300    @a国家社会科学基金资助项目(编号:05BJY069)
330    @a本书分三部分,阐述了退耕还林工程区生态环境和社会经济发展现状、退耕还林工程政策体系及其实施情况、退耕还林工程各项政策实施过程中存在的主要问题及对策建议。
606 0  @a造林@x林业政策@y中国
606 0  @a造林
606 0  @a林业政策
690    @aF326.20@v4
701  0 @a孔凡斌@9kong fan bin@f(1967~)@4著
801  0 @aCN@bNLC@c20070805
905    @a10447@dF326.20@e97
    
    中国退耕还林工程政策/孔凡斌著.-北京:中国环境科学出版社,2006
    153页;26cm
    国家社会科学基金资助项目(编号:05BJY069)
    
    ISBN 7-80209-397-X:CNY28.00
    本书分三部分,阐述了退耕还林工程区生态环境和社会经济发展现状、退耕还林工程政策体系及其实施情况、退耕还林工程各项政策实施过程中存在的主要问题及对策建议。
●
相关链接 在E读中查询图书 在五车中查询图书 在当当中查询图书 在豆瓣中查询图书


正题名:中国退耕还林工程政策     索取号:F326.20/97         预约/预借

序号 登录号 条形码 馆藏地/架位号 状态 备注
1 0805750   208057500   第一样本阅览室/ [索取号:F326.20/97] 在馆    
2 0805751   208057519   第一借阅区/ [索取号:F326.20/97] 在馆    
唐山师范学院图书馆 欢迎您!
大连网信软件有限公司© 版权所有